000
00209 a2200097 4500
001
6070
100
_a
Carroll, P
245
_a
Time study for cost control.
260
_a
_b
McGraw-Hill
_c
090
_c
4968
_d
4968
942
_a
NUST-CAE
_c
M
_c
31342
999
_c
241143
_d
241143